1170 1604 1766 1644 1301 1750 1203 1590 1015 1113 1545 1777 1409 1789 1644 1563 1350 1285 1288 1786 1542 1721 1329 1120 1394 1593 1436 1943 1770 1357 1405 1227 1087 1872 1442 1965 1194 1730 1997 1869 1084 1329 1832 1365 1004 1014 1642 1165 1754 1104 1695 1180 1754 1412 1761 1141 1743 1365 1744 1175 1452 1157 1430 1824 1358 1380 1996 1943 1471 1501 1636 1077 1113 1953 1173 1605 1317 1720 1083 1932 1470 1495 1873 1215 1792 1575 1359 1806 1095 1329 1887 1895 1697 1952 1157 1222 1195 1093 1155 BCNSPRNW ULIB Ver.6.0+V

เปลี่ยนเป็นภาษาไทย

Change to English
 แสดงรายละเอียดบรรณานุกรม
  กลับหน้าหลัก

Brief Record : Get Marc (ISO 2709) : E-mail record : QR code < ปิดหน้าต่าง
LEADER : 00000nam 2200000uu 4500
001    13399109255
003     ULIB
008    110325s2543||||th 000 0 tha d
020    9742990522
060 04 WA540JT3^bว549ภ 2543
100 0  จันทร์เพ็ญ ชูประภาวรรณ
245 10 สถานะสุขภาพคนไทย /^cจันทร์เพ็ญ ชูประภาวรรณ
250    พิมพ์ครั้งที่ 1
260    นนทบุรี :^bสถาบันวิจัยระบบสาธารณสุข,^c2543
300    336 หน้า ;^c26 ซม.
490 0  ชุดสุขภาพคนไทยปี พ.ศ. 2543
500     ใช้เป็นเอกสารประกอบการประชุมวิชาการสถาบันวิจัยระบบสาธารณสุข ครั้งที่ 3 ภูมิปัญญาประชาคมสู่สุขภาพประชาชาติไทย.ระหว่างวันที่ 15-17 สิงหาคม 2543 ณ ศูนย์นิทรรศการและการประชุมไบเทค กรุงเทพมหานคร
650  2 Health Behavior^zThailand
650  7 ไทย^xสุขภาพและอนามัย
650  7 อนามัย^zไทย
650  7 ภาวะสุขภาพ^zไทย
710 2  สถาบันวิจัยระบบสาธารณสุข
711 2  การประชุมวิชาการสถาบันวิจัยระบบสาธารณสุขเรื่องภูมิปัญญาประชาคมสู่สุขภาพประชาชาติไทย^n(ครั้งที่ 3 :^d2543:^cกรุงเทพมหานคร)
945    ^p0^l0^i013034
995    ทศพร
999 ^a ใช้งานได้ทุกระบบ
รายการนี้ยังไม่มีแท็ก
คุณยังไม่ได้ล็อกอิน คุณสามารถมีกิจกรรมร่วมกับเว็บไซต์ได้ แต่ต้องล็อกอินก่อน ::
  ล็อกอิน

รายการสื่อสารสนเทศ

ลำดับที่ ประเภท เลขเรียก/บาร์โค้ด สถานที่ สถานะ
- ไม่พบข้อมูล -

รายการใกล้เคียง
    ผู้แต่ง [จันทร์เพ็ญ ชูประภาวรรณ]

BibComment


ยังไม่เคยถูกคอมเมนท์

คอมเมนท์ทรัพยากรรายการนี้
  คอมเมนท์: สถานะสุขภาพคนไทย ..


 Copyright 2026. Bcnsprnw @Library